000 00334nam a2200121Ia 4500
008 240731s9999 xx 000 0 und d
022 _a1469-9362
245 0 _aJournal of Beliefs & Values : Studies in Religion & Education
260 _bRoutledge
856 _uhttps://www.tandfonline.com/loi/cjbv20
942 _2ddc
942 _cTFEJ
999 _c77471
_d77471
945 _a1
_bMadushi Gamage
_c1
_dMadushi Gamage